Open Data Biblioteca Nacional de Portugal


República Portuguesa: Ministério da Cultura
Biblioteca Nacional de Portugal

Catálogo da BNP: acesso por Identificadores Unívocos
Registos Bibliográficos associados ao registo de autoridade

Etiqueta de registo: 00254nam 2200025 450
001 2283929
003 http://id.bnportugal.gov.pt/bib/catbnp/2283929
021 ## $aPT$b560618/26
100 ## $a20260408d2026 m y0pory01030103ba
101 1# $apor
102 ## $aPT
105 ## $aa z 000gy
106 ## $ar
200 1# $aFlores silvestres$epoemas escolhidos$fAbbas Kiarostami$gsel. e trad. Bernardo Sá$gil. Irene Hoffman
210 #9 $a[S.l.]$cFlâneur,$dimp. 2026
215 ## $a79, [3] p.$d18 cm
225 2# $aErrar.$iSérie 1$v2
675 ## $a821.411.21(55)-1"20"$vBN$zpor$31997031
700 #1 $aKiarostami,$bAbbas,$f1940-2016$31995066
702 #1 $aSá,$bBernardo$4220$31995081
702 #1 $aHoffman,$bIrene$4440$31938945
801 #0 $aPT$bBN$gRPC
856 41 $uhttp://rnod.bnportugal.gov.pt/ImagesBN/winlibimg.aspx?skey=&doc=2283929&img=221820&save=true
900 ## $aBIBNAC$d20260505
966 ## $lBN$mFGMON$sL. 123829 P.$x1
971 ## $corlando$d20260408
972 ## $e0$z0$d20260505$vasantos
973 ## $cigoulao$d20260427
975 ## $e0$d20260508$viquintas

Etiqueta de registo: 00254nam 2200025 450
001 2200181
003 http://id.bnportugal.gov.pt/bib/catbnp/2200181
021 ## $aPT$b534250/24
100 ## $a20241217d2024 m y0pory01030103ba
101 1# $apor$crus
102 ## $aPT
105 ## $aa z 000fy
106 ## $ar
200 1# $aInfância de quarenta e nove$fLudmila Ulitskaia$gtrad. Saodat Saybardieva, Maria Herminia Brandão$gdes. Irene Hoffman
210 #9 $a[S.l.]$cFlâneur,$d2024
215 ## $a67, [3] p.$cil.$d19 cm
675 ## $a821.161.1-34"19/20"$vBN$zpor$31403950
700 #1 $aUlítskaia,$bLudmila,$f1943-$31415326
702 #1 $aHoffman,$bIrene$4440$31938945
702 #1 $aBrandão,$bMaria Hermínia$4730$3401373
702 #1 $aSaybardieva,$bSaodat$4730$31938927
801 #0 $aPT$bBN$gRPC
856 41 $uhttp://rnod.bnportugal.gov.pt/ImagesBN/winlibimg.aspx?skey=&doc=2200181&img=202387&save=true
900 ## $aBIBNAC$d20250107
966 ## $lBN$mFGMON$sL. 122347 P.$x1
966 ## $lBN$mFGMON$sL. 122347 P.-D$x1
971 ## $cabrito$d20241217
972 ## $e0$z0$d20250107$viquintas
973 ## $cmlsousa$d20241223

OpendataBNP@bnportugal.pt | Mais informação sobre acesso aos dados BNP